Zhongguo ge ming shi /

Saved in:
Bibliographic Details
Main Author: Zou, Lu, 1885-1954.
Format: Book
Language:Chinese
Published: Taibei : Pami'er shu dian, Min guo 41 [1952]
Subjects:
Tags: Add Tag
No Tags, Be the first to tag this record!
LEADER 00808cam a2200241 i 4500
001 005405486-9
005 20024617105005.0
008 900119s1952 ch 000 0 chi c
010 |a c 59005253 //r 
035 0 |a ocm23315529 
040 |a Chicago. Univ. Far Eastern Library  |c MiU  |d OCoLC  |d MH-HY  |d CStRLIN 
050 0 0 |a DS773  |b .T76 
050 4 |a DS 773  |b .T88 C9 
100 1 |6 880-01  |a Zou, Lu,  |d 1885-1954. 
245 1 0 |6 880-02  |a Zhongguo ge ming shi /  |c Zou Lu zhu. 
260 |6 880-03  |a Taibei :  |b Pami'er shu dian,  |c Min guo 41 [1952] 
300 |a 3, 81 p. ;  |c 18 cm. 
651 0 |a China  |x History  |y Revolution, 1911-1912. 
880 1 |6 100-01  |a 鄒魯,  |d 1885-1954. 
880 1 0 |6 245-02  |a 中國革命史 /  |c 鄒魯著. 
880 |6 260-03  |a 臺北 :  |b 帕米爾書店,  |c 民國41 [1952] 
988 |a 20021102 
906 |0 OCLC